000 00923nac a22002417a 4500
001 BR4300143
003 BR-BrBNA
005 20240105112829.0
008 230509b bl.|||m| |||| 00| 0 por d
040 _aBR-BrBNA
_bpor
_cBiblioteca Nacional de Agricultura
072 _aF00
090 _a1440 BR4300143
110 1 _aDepartamento Nacional da Producao Animal, Rio de Janeiro, GB (Brasil). Seccao de Agrostologia e Alimentacao dos Animais
_93212
245 1 _aErvilha de vaca ou cow-pea (Vigna sinensis endl.)
250 1 _a2. ed.
260 3 _aRio de Janeiro, GB (Brasil):
_bServico de Informacao Agricola,
_c1943.
300 _a45 p.
490 _aPublicacao - Departamento Nacional da Producao Animal. Seccao de Agrostologia e Alimentacao dos Animais (Brazil)
_vno. 14
_x
650 _aProducao vegetal
650 _aFeijao de corda
909 _a202312
_bLúcia Elande
_c55
_dLúcia Elande
942 _2AGRIS
_n0
_cMS
999 _c260505
_d260505